000 00857nam a22002297a 4500
999 _c16270
_d16270
003 AR-CdUCM
008 190502b ||||| |||| 00| 0 spa d
040 _aMUNICIPALIDAD PROVINCIAL DEL CUSCO
_cBIBLIOTECA MUNICIPAL DEL CUSCO
082 _a577 /
_bC70
100 _aOparin A. I
_935617
245 _aEl origen de la vida /
260 _aMéxico :
_bGrijalbo,
_c1968.
300 _a154 páginas ;
_c19 cm.
440 _aColección 70
_n32
_935618
505 _aContenido : La lucha del materialismo contra el idealismo y la religión en torno al origen de la vida -- Teorías de la continuidad de la vida -- Origen primitivo de las substancias orgánicas mas simples ...
650 _aMaterialismo
_95459
650 _aIdealismo
_9695
650 _aVIda
_9884
700 _aOrozco M, Domingo
_935619
942 _2ddc
_cLIBROS
945 _arah
_d02/05/2019